• 首页
  • 本馆介绍
  • 公告通知
  • 最新文献
  • 馆藏检索
  • 电子资源
  • 读者导购
  • 参考咨询
  • 我的图书馆
  • 登录
  • 详细信息显示
  • 放入我的书架
  • 预约/预借图书
  • 作者相关作品
  • 分类相关作品
  • 丛书相关作品
  • 出版社相关作品

书目信息

  • 表格格式
  • 工作单格式
  • 卡片格式
题名:
警察伦理学
    
 
作者: 公安部政治部 编
分册:  
出版信息: 北京   中国人民公安大学出版社  1996.11
页数: 330页
开本: 19cm
丛书名:
单 册:
中图分类: D0
科图分类:
主题词: 政治理论
电子资源:
ISBN: 7-81011-910-9
000 00655nam0 2200217 450
001 074648951
005 20071213200607.00
010    @a7-81011-910-9@dCNY16.00
100    @a20071115d1996 km y0chiy0120 ea
101 0  @achi
102    @aCN@b110000
200 1  @a警察伦理学@Ajing cha lun li xue@f公安部政治部编@Fgong an bu zheng zhi bu bian
210    @a北京@c中国人民公安大学出版社@d1996.11
215    @a330页@d19cm
300    @a人民警察高等教育规划教材(公安机关,内部发行)
606 0  @a政治理论
690    @aD0@v4
701  0 @a公安部政治部@Agong an bu zheng zhi bu@4编
801  0 @aCN@bNISOFT@c20071213
905    @aBZT@dD0@e12
906    @dCNY16.00@n0@r1
    
    警察伦理学/公安部政治部编.-北京:中国人民公安大学出版社,1996.11
    330页;19cm
    人民警察高等教育规划教材(公安机关,内部发行)
    
    ISBN 7-81011-910-9:CNY16.00
    
●
相关链接 在五车中查询图书 在当当中查询图书 在豆瓣中查询图书


正题名:警察伦理学     索取号:D0/12         预约/预借

序号 登录号 条形码 馆藏地/架位号 状态 备注
1 606970   2000606970   中心书库南/010架B面2层1列/ [索取号:D0/12] 在馆    
2 606971   2000606971   中心书库南/010架B面2层1列/ [索取号:D0/12] 在馆    
3 606972   2000606972   中心书库南/010架B面2层1列/ [索取号:D0/12] 在馆    
4 606973   2000606973   中心书库南/010架B面2层1列/ [索取号:D0/12] 在馆    
5 606974   2000606974   中心书库南/010架B面2层1列/ [索取号:D0/12] 在馆    
6 606975   2000606975   中心书库南/010架B面2层1列/ [索取号:D0/12] 在馆    
7 606976   2000606976   中心书库南/010架B面2层1列/ [索取号:D0/12] 在馆    
8 606977   2000606977   中心书库南/010架B面2层1列/ [索取号:D0/12] 在馆    
9 606978   2000606978   中心书库南/010架B面2层1列/ [索取号:D0/12] 在馆    
10 606979   2000606979   中心书库南/010架B面2层1列/ [索取号:D0/12] 在馆    
山东省滨州职业学院图书馆 欢迎您!
大连网信软件有限公司© 版权所有